| 000 | 00667nam a2200217 a 4500 | ||
|---|---|---|---|
| 005 | 20240924071301.0 | ||
| 008 | 140519s2007 mx r 000 0 spa d | ||
| 020 | _a9789974800366 | ||
| 035 | _aUPN01000197284 | ||
| 049 | _aI | ||
| 050 | 4 |
_aPZ74 _bE7.2 |
|
| 100 | 1 |
_aErbiti, Alejandra, _d1963- _933263 |
|
| 245 | 0 | 0 |
_aBlancanieves, Alicia, Simbad y otros famosos cuentos clásicos / _cadaptación Alejandra Erbiti. |
| 260 |
_aMontevideo : _bCadiex International, _c2007. |
||
| 300 |
_a75 p. : _bil. col. |
||
| 440 | 0 | _aColorín colorado | |
| 650 | 4 |
_aLiteratura infantil _94445 |
|
| 650 | 4 |
_aCuentos infantiles _96744 |
|
| 905 | _aInfantil | ||
| 999 |
_c169385 _d169385 |
||